Hướng dẫn thực hành thiết kế lắp đặt điện nhà
Sách trình bày lý thuyết cơ sở về điện: an toàn điện, vật liệu - khí cụ điện, các loại đèn điện, chuông điện, các mạch điện ứng dụng và thiết kế điện nhà. Ngoài ra phần thực hành có 28 phiếu hướng dẫn, mỗi phiếu một nội dung thực...
Đã lưu trong:
| Hovedforfatter: | |
|---|---|
| Format: | Bog |
| Sprog: | Undetermined |
| Udgivet: |
Hà Nội
Khoa học và Kỹ thuật
2011
|
| Fag: | |
| Tags: |
Tilføj Tag
Ingen Tags, Vær først til at tagge denne postø!
|
| Thư viện lưu trữ: | Trung tâm Học liệu Trường Đại học Cần Thơ |
|---|
| LEADER | 01192nam a2200217Ia 4500 | ||
|---|---|---|---|
| 001 | CTU_177445 | ||
| 008 | 210402s9999 xx 000 0 und d | ||
| 020 | |c 39000 | ||
| 082 | |a 621.319 | ||
| 082 | |b Ph513 | ||
| 100 | |a Trần, Duy Phụng | ||
| 245 | 0 | |a Hướng dẫn thực hành thiết kế lắp đặt điện nhà | |
| 245 | 0 | |c Trần Duy Phụng | |
| 260 | |a Hà Nội | ||
| 260 | |b Khoa học và Kỹ thuật | ||
| 260 | |c 2011 | ||
| 520 | |a Sách trình bày lý thuyết cơ sở về điện: an toàn điện, vật liệu - khí cụ điện, các loại đèn điện, chuông điện, các mạch điện ứng dụng và thiết kế điện nhà. Ngoài ra phần thực hành có 28 phiếu hướng dẫn, mỗi phiếu một nội dung thực hành cụ thể, được sắp xếp từ dễ đến khó | ||
| 650 | |a Electric engineering,Household appliances, electric | ||
| 650 | |x Equipment and supplies | ||
| 904 | |i Trọng Hiếu, Năm sửa Pl thành 621.319 chưa in nhãn | ||
| 980 | |a Trung tâm Học liệu Trường Đại học Cần Thơ | ||